| 000 | 00571nam a2200157Ia 4500 | ||
|---|---|---|---|
| 008 | 150610s9999 xx 000 0 und d | ||
| 020 | _a7129718 | ||
| 050 |
_aPR6039 _b.O32 T649 1966 pt. 2 |
||
| 100 | _aTolkien, John Ronald Reuel, 1892-1973 | ||
| 245 | 4 |
_aThe two towers : _bbeing the second part of the lord of the rings / _cby J.R.R. Tolkien. |
|
| 260 |
_aGreat Britain : _bHarper Collins, _c1966. |
||
| 300 |
_a725pages ; _c20 cm. |
||
| 440 |
_aThe Lord of the rings ; pt.2 _vv.2 |
||
| 650 |
_aAdventure _xFiction. |
||
| 650 |
_aMiddle Earth (Imaginary place) _xFiction. |
||
| 999 |
_c287838 _d287838 |
||